Stephen Curry Quiz - Statistics

General Stats
  • This quiz has been taken 33 times
  • The average score is 7 of 10
Answer Stats
Hint Answer % Correct
What's Curry's jersey number? 30
100%
In which seasons was Curry voted NBA's MVP? 2014/2015
97%
Which team picked Curry in the 2009 NBA draft? Golden State Warriors
97%
Besides basketball, which sport does Curry love? Golf
83%
At what age did Curry start playing basketball? 6
80%
What's Curry's nickname? Baby-faced assassin
70%
How many 3s did Curry make in 2015-16? 402
57%
What's Curry's college team? Davidson Wildcats
50%
How many 3-pointers did Curry make in season 2013? 272
30%
Curry has some pre-game rituals where he naps, eats and writes scriptures on his shoes. He eats the same dish every time. Which one? Pasta
30%
No matching quizzes found
Score Distribution
Percent of People with Each Score
Percentile by Number Answered
Your Score History
You have not taken this quiz